Loading...
| Fine Arts - Classical Music | 0 | 7 | 2 | 0 | 60 | 38 | 72.57 | 7 | 7 | 30.60 | 70.00 |
| Religion | 0 | 5 | 1 | 1 | 45 | 60 | 87.00 | 4 | 5 | 17.91 | 33.33 |
| Social Science | 0 | 4 | 0 | 1 | 40 | 97 | 114.00 | 2 | 4 | 4.89 | 30.00 |
| Fine Arts - Other | 0 | 5 | 2 | 0 | 40 | 43 | 84.40 | 4 | 5 | 19.04 | 43.33 |
| Literature - European | 0 | 4 | 0 | 1 | 40 | 77 | 125.75 | 2 | 4 | 4.46 | 23.33 |
| Fine Arts - Painting and Sculpture | 0 | 4 | 1 | 0 | 35 | 77 | 110.75 | 3 | 4 | 7.82 | 33.33 |
| Literature - World | 0 | 4 | 1 | 2 | 35 | 42 | 110.00 | 1 | 4 | 7.15 | 20.00 |
| Other Academic | 0 | 3 | 0 | 0 | 30 | 96 | 114.00 | 2 | 3 | 17.33 | 55.56 |
| Literature - American | 0 | 3 | 0 | 0 | 30 | 139 | 141.67 | 1 | 3 | 0.07 | 10.00 |
| History - Other | 0 | 2 | 0 | 0 | 20 | 111 | 121.50 | 0 | 2 | 1.08 | 10.00 |
| Pop Culture | 0 | 2 | 0 | 0 | 20 | 17 | 75.00 | 1 | 2 | 29.03 | 44.44 |
| Geography | 0 | 2 | 0 | 2 | 20 | 126 | 130.50 | 0 | 2 | 0.00 | 50.00 |
| Science - Physics | 0 | 2 | 0 | 0 | 20 | 118 | 120.00 | 0 | 2 | -0.17 | 6.67 |
| History - European | 0 | 2 | 0 | 0 | 20 | 88 | 109.00 | 0 | 2 | 3.33 | 6.67 |
| Mythology | 0 | 2 | 1 | 1 | 15 | 122 | 131.50 | 0 | 2 | -0.08 | 6.67 |
| Science - Other | 0 | 2 | 1 | 1 | 15 | 103 | 123.00 | 0 | 2 | 0.72 | 10.00 |
| Science - Biology | 0 | 1 | 0 | 0 | 10 | 110 | 110.00 | 0 | 1 | 0.68 | 6.67 |
| Philosophy | 0 | 2 | 2 | 1 | 10 | 25 | 78.00 | 1 | 2 | 8.45 | 16.67 |
| Literature - British | 0 | 1 | 1 | 0 | 5 | 37 | 37.00 | 1 | 1 | 7.18 | 10.00 |
| History - World | 0 | 1 | 1 | 0 | 5 | 132 | 132.00 | 0 | 1 | -0.08 | 3.33 |
| Science - Chemistry | 0 | 0 | 1 | 0 | -5 | 0.00 | 0 | 0 | 0.00 | 0.00 |